La Industria chilena: 4 visiones sectoriales

Saved in:
Bibliographic Details
Main Authors: Vignolo Friz, Carlos (autor), Castillo, Mario (Author), Aninat, Augusto (Author), Donoso, Rodrigo (Author), Tampier, JUan (Author), Merino, Sergio (Author), Weinstein, Jacqueline (Author)
Format: Book
Language:Spanish
Published: Santiago Centro de Estudios del Desarrollo 1986
Subjects:
Tags: Add Tag
No Tags, Be the first to tag this record!

MARC

LEADER 00000nam a2200000 a 4500
001 UCV6961
003 CL-VaPUC
005 20240923124340.0
008 880505e19860000CL |||||||||||||||||spa|d
999 |c 212734  |d 212732 
040 |c Pontificia Universidad Católica de Valparaíso 
082 0 4 |a 338.09  |b VIG  |2 21 
100 1 |a Vignolo Friz, Carlos  |e autor  |9 890723 
245 1 3 |a La Industria chilena: 4 visiones sectoriales 
260 |a Santiago  |b Centro de Estudios del Desarrollo  |c 1986 
300 |a 304 p 
583 |a last modification  |c 19880505 00:00:00  |k Rodrigo Vera 
650 0 |a Industrias   |9 263688 
650 7 |a INDUSTRIA Y ESTADO  |2 CL-VaPUC  |9 258143 
650 0 |a Política económica   |9 255029 
651 7 |a CHILE  |2 CL-VaPUC  |9 300941 
700 0 |a Castillo, Mario  |e author  |9 300935 
700 0 |a Aninat, Augusto  |e author  |9 300936 
700 0 |a Donoso, Rodrigo  |e author  |9 300937 
700 0 |a Tampier, JUan  |e author  |9 300938 
700 0 |a Merino, Sergio  |e author  |9 300939 
700 0 |a Weinstein, Jacqueline  |e author  |9 300940 
942 |c BK  |2 ddc 
945 |d 19880505 00:00:00 
952 |0 0  |1 0  |4 0  |6 338_090000000000000_VIG_1986  |7 0  |8 A  |9 194267  |a BIBING  |b BIBING  |d 2019-11-14  |i 2624613  |o 338.09 VIG 1986  |p 2624613  |r 2025-01-20  |w 2019-11-14  |y BK  |k EIB